000 00294nam a22001337a 4500
008 170419b xxu||||| |||| 00| 0 eng d
020 _a9781118820919
041 _aeng
080 _a573
100 _a11
101 _aSHM
245 _aCELL NAD MOLECULAR BIOLOGY
_cKARP.G
942 _2udc
_cBK
999 _c11253
_d11253